000 00289nam a22001337a 4500
008 180920b xxu||||| |||| 00| 0 eng d
020 _a9780072951752
041 _aeng
080 _26 ED
_a579
100 _a11
101 _aBIO
245 _aMicrobiology
_cKlein.P.H
942 _2udc
_cBK
999 _c48141
_d48141